| 000 | 00346nam a2200145Ia 4500 | ||
|---|---|---|---|
| 008 | 230312s9999||||xx |||||||||||||| ||und|| | ||
| 020 | _a1-4027-1033-X | ||
| 082 |
_a745.73 _bDRE-G |
||
| 100 | _aDressler;Jan | ||
| 245 | 0 | _aGuide to Beautiful Stenciling | |
| 260 |
_bDressler _aUK _c2004 |
||
| 300 | _a128 | ||
| 650 | _aArchitecture | ||
| 942 | _cBK | ||
| 999 |
_c12038 _d12038 |
||